00341nam a22000857a 4500020001800000082001500018245016900033260003200202300002100234 a9781138954830 a327.5bMAK aThe making of China's foreign policy in the 21st century : bhistorical sources, institutions/players, and perceptions of power relations /cEdited by Suisheng Zhao aLondon :bRoutledge,c2016. a320 p. ;c25 cm.